000 01178nam a22002417a 4500
999 _c63369
_d63369
005 20240530110637.0
008 170925b ua ao f 000 0 ara d
017 _bمصر. دار الكتب
040 _aEG-CaGPL
_cEG-CaGPL
082 0 4 _221
_a355.033032
_bق/و م
110 1 _aوزارة الدفاع
245 1 0 _aمعارك الجيش المصرى القديم /
_cوزارة الدفاع .
250 _aط.1
260 _aالقاهرة :
300 _a5 ج
_bصور لو ؛
_c20 سم .
505 0 0 _aالجزء الاول : معارك توحيد مصر - معركة الدولة الوسطى -- الجزء الثانى : معارك الدولة الحديثة ( معركة مجدو ) -- الجزء الثالث : معركة قادش -- الجزء الرابع معركة الاسرة العشرين الملك رمسيس الثالث -- الجزء الخامس معركة العصر البطلمى .
650 0 7 _2qrmak
_aالجيش المصرى القديم .
650 0 7 _2qrmak
_aمعركة قادش .
650 0 7 _2qrmak
_aمعركة مجدو .
651 0 7 _2qrmak
_aمصر القديمة
_xمعارك .
942 _2ddc
_cBK